书目信息 |
| 题名: |
美国民歌选集
|
|
| 作者: | 艾丽斯·奥斯曼合 , 琼·麦科诺基 编 ;高履端 译 | |
| 分册: | ||
| 出版信息: | 北京 外语教学与研究出版社 1982.10 |
|
| 页数: | 70页 | |
| 开本: | 26cm | |
| 丛书名: | ||
| 单 册: | ||
| 中图分类: | J652.2 | |
| 科图分类: | ||
| 主题词: | 音乐--各国--作品 , 外国音乐--作品 | |
| 电子资源: | ||
| ISBN: | ||
| 000 | 00683nam0 2200217 45 | |
| 001 | 0312221749 | |
| 005 | 20070926144845.10 | |
| 010 | @dCNY0.46 | |
| 100 | @a20031222d1982 km y0chiy0120 ea | |
| 101 | @achi | |
| 200 | 1 | @a美国民歌选集@AMei Guo Min Ge Xuan Ji@f(美)琼·麦科诺基,艾丽斯·奥斯曼合编@F(Mei)Qiong·Mai Ke Nuo Ji,Ai Li Si·Ao Si Man He Bian@g高履端译 |
| 210 | @a北京@c外语教学与研究出版社@d1982.10 | |
| 215 | @a70页@d26cm | |
| 606 | 0 | @a音乐@y各国@x作品 |
| 606 | 0 | @a外国音乐@x作品 |
| 690 | @aJ652.2@v3 | |
| 701 | 0 | @a艾丽斯·奥斯曼合@4编 |
| 701 | 0 | @a琼·麦科诺基@4编 |
| 702 | 0 | @a高履端@4译 |
| 801 | @aCN@bTSTCL@c20070926 | |
| 905 | @a213230@dJ652.2@e97@b107643-644@f2 | |
| 美国民歌选集/(美)琼·麦科诺基,艾丽斯·奥斯曼合编/高履端译.-北京:外语教学与研究出版社,1982.10 |
| 70页;26cm |
| ISBN :CNY0.46 |
| ● |
| 相关链接 |
|
|
|
|
正题名:美国民歌选集
索取号:J652.2/97
 
预约/预借
| 序号 | 登录号 | 条形码 | 馆藏地/架位号 | 状态 | 备注 |
| 1 | 0107643 | 001723335 | 密集书库/ [索取号:J652.2/97] | 在馆 | |
| 2 | 0107644 | 001690940 | 第一样本阅览室/ [索取号:J652.2/97] | 在馆 | |
| 3 | 0609822 | 206098220 | 密集书库/ [索取号:J652.2/97] | 在馆 |